000 00526nam a2200181Ia 4500
008 100917s9999 xx 000 0 und d
082 _b17724
100 _aगोडबोले परशुरामपंत
245 _aवृत्तदर्पण
260 _b---
_c1867
300 _a44
365 _b0
520 _aभाषाशास्त्र
630 _aवृत्तदर्पण
650 _aभाषाशास्त्र
730 _aवृत्तदर्पण
942 _cBOOK
999 _c623118
_d623115